| 000 | 01139cam a22003734a 4500 | ||
|---|---|---|---|
| 001 | 4328 | ||
| 003 | FISKH | ||
| 005 | 20240719083740.0 | ||
| 008 | 040804s2005 nyu a 000 1 eng | ||
| 010 | _a 2004017890 | ||
| 020 | _a1416902694 (pbk.) | ||
| 020 | _a076714003996 | ||
| 040 |
_aDLC _cDLC _dDLC _beng |
||
| 050 | _aPZ7.H772 | ||
| 082 | _a567 | ||
| 100 | 1 | _aHope, Laura Lee. | |
| 245 | 1 | 0 |
_aFreddie and Flossie and the train ride / _cby Laura Lee Hope ; illustrated by Chuck Pyle. |
| 260 |
_aNew York : _bAladdin, _c2005. |
||
| 300 |
_a32 pages : _bcolor illustrations ; _c23 cm |
||
| 440 | 0 | _aReady-to-read | |
| 490 | 1 | _aThe Bobbsey twins | |
| 505 | _aC | ||
| 520 | _aTwins Freddie and Flossie take the train to Grandma's house with their cat Snoop. | ||
| 521 | 8 |
_a150
_bLexile estimate |
|
| 521 | 8 |
_aC
_bRaz-Plus |
|
| 650 | 1 |
_aTwins _vFiction. |
|
| 650 | 1 |
_aSiblings _vFiction. |
|
| 650 | 1 |
_aCats _vFiction. |
|
| 650 | 1 |
_aRailroad trains _vFiction. |
|
| 700 | 1 |
_aPyle, Chuck, _d1954- _eillustrator |
|
| 906 |
_a7 _bcbc _corignew _d1 _eecip _f20 _gy-gencatlg |
||
| 942 |
_2ddc _cBK _n0 |
||
| 999 |
_c4328 _d4328 |
||